Name Dropping #22: Hogwarts Denizens - Statistics

General Stats
  • This quiz has been taken 235 times
  • The average score is 23 of 25
Answer Stats
Hint Extra Hint Answer % Correct
Lord Formerly known as Tom Marvolo Riddle as a student in Slytherin House. Voldemort
100%
Sirius While a student in Gryffindor House, made friends with James Potter. Black
99%
Albus Headmaster at Hogwarts. Dumbledore
99%
Hermione Student in Gryffindor House. Granger
99%
Harry Student in Gryffindor house. Potter
99%
Severus Head of Slytherin House, Potions master, Defence Against the Dark Arts teacher. Snape
99%
Neville Student in Gryffindor House. Longbottom
98%
Remus Defence Against the Dark Arts teacher. Lupin
98%
Draco A student in Slytherin House. Malfoy
98%
Minerva Transfiguration teacher, Head of Gryffindor House. McGonagall
98%
Dolores Defence Against the Dark Arts teacher. Umbridge
98%
Ron Student in Gryffindor House. Weasley
98%
Bellatrix Former student in Slytherin House. Lestrange
96%
Rubeus Groundskeeper, Care of Magical Creatures professor. Hagrid
95%
Alastor “Mad-Eye” Defence Against the Dark Arts teacher. Moody
95%
Horace Potions master and Head of Slytherin House. Slughorn
94%
Argus Hogwarts caretaker. Filch
93%
Newt Student in Hufflepuff House. Scamander
92%
Sybill Divination teacher. Trelawney
91%
Gellert Attended Durmstrang Institute instead of Hogwarts School of Witchcraft and Wizardry. Grindelwald
90%
Quirinus Muggle Studies teacher, Defence Against the Dark Arts teacher. Quirrell
90%
Poppy Matron and nurse. Pomfrey
89%
Cuthbert History of Magic teacher. Binns
78%
Aurora Astronomy teacher. Sinistra
78%
Irma Librarian Pince
71%
No matching quizzes found
Score Distribution
Percent of People with Each Score
Percentile by Number Answered
Your Score History
You have not taken this quiz